000 00942cam a2200241 4500
001 WB3702-11
008 000000n2001 000 0 eng u
035 _a(Sirsi) u110265
245 _aHome Bill
260 _c2001
490 _aTimes
_v9 January 2001, 12(2)
520 _aGovernment has conceded that low-value properties in certain areas be exempt from seller's pack regulations if deemed necessary. The concession follows criticism that compulsory seller's packs could deter some sales and penalise vendors of cheaper properties.
590 _aWB
650 _aHOME INFORMATION PACKS
650 _aHOMES BILL 2001
650 _aPROPERTY-RESIDENTIAL PROPERTY-ACQUISITION AND DISPOSAL OF RESIDENTIAL PROPERTY
650 _aVENDOR SURVEYS
650 _aLOW-COST HOMES
650 _aPROPERTY-RESIDENTIAL PROPERTY-ACQUISITION AND DISPOSAL OF RESIDENTIAL PROPERTY
650 _aGAZUMPING
690 _aHOUSING
942 _n0
999 _c65755
_d65755